00533nam a22001577a 450000500170000001000150001702000260003203500140005803700130007208200110008510000290009624501160012526000370024127000630027830000340034120220818142945.0 aENG-134502 a9788192842578c350.00 aEN-118034 bDBAD/PUB a883.08 aParmar, Surendra Kumar R aThe Novels Of Raja Rao, Mulk Raj anand And R.K. Narayan: A Study in Gandhian Ideology/cSurendra Kumar R Parmar aSonipatbVagdevi Prakashanc2014 a1087, Gali No. 5, Mayur Vihar Gohana RoadbSonipate131001 a184p.bBibliographyc22cm(hb)